000 00757nam a2200241Ia 4500
003 OSt
005 20220923221025.0
006 a|||||r|||| 00| 0
007 ta
008 220922b |||||||| |||| 00| 0 hin d
024 _a193,883
037 _cTextual
040 _aARTS
_cARTS
_bhin
041 _2hin
_ahin
082 _aO152,3, K7
245 0 _aहिन्दी की आधार भूत शब्दावली
246 _aHindī kī ādhār bhūt shabdāvalī
260 _aआगरा
_b केन्दीय हिन्दी संस्थान
_c1967
300 _a143पृ.
_ccm.
650 _aहिन्दी साहित्य
_9156264
942 _hO152,3, K7
_cTEXL
_2CC
999 _c346300
_d346300